Emblèmes de Pays - Statistiques

Statistiques générales
  • Ce quiz a été pris 207 fois
  • Le résultat moyen est 10 sur 16
Statistiques - réponses
Par images Réponse % Correct
Mexique
95%
Turquie
95%
Angola
93%
Maroc
83%
Népal
83%
Allemagne
82%
Rwanda
79%
Uruguay
72%
Andorre
71%
Mongolie
67%
Chili
48%
Nauru
46%
Canada
35%
Tchéquie
30%
Estonie
9%
Bangladesh
6%
Aucun quiz correspondant
Distribution des résultats
% des personnes avec chaque résultat
Percentile par nombre de réponses
Votre historique - résultats
Vous n’avez pas pris ce quiz